| Tag |
First Indicator |
Second Indicator |
Subfields |
| LEADER |
00000pam a2200000 a 4500 |
| 001 |
in00000097580 |
| 005 |
20150924085246.0 |
| 008 |
801006s1981 njua 00010 engm |
| 010 |
|
|
|a 80025142
|
| 020 |
|
|
|a 0138829020 :
|c $5.95
|
| 035 |
|
|
|a (OCoLC)06889147
|
| 035 |
|
|
|9 AAK9204AM
|
| 040 |
|
|
|a DLC
|c DLC
|d m.c.
|d TXA
|d UtOrBLW
|
| 049 |
|
|
|a TXAM
|c 1 [1362639], 2 [A08590438]
|
| 050 |
1 |
0 |
|a PE1128
|b .M327
|
| 082 |
0 |
|
|a 428.3/4
|2 19
|
| 100 |
1 |
|
|a McPartland-Fairman, Pamela.
|
| 245 |
1 |
0 |
|a Take it easy :
|b American idioms /
|c Pamela McPartland ; illustrations by Alexander Kaletski.
|
| 264 |
|
1 |
|a Englewood Cliffs, N.J. :
|b Prentice-Hall,
|c [1981]
|
| 264 |
|
4 |
|c ©1981
|
| 300 |
|
|
|a xiv, 210 pages :
|b illustrations ;
|c 24 cm.
|
| 336 |
|
|
|a text
|b txt
|2 rdacontent
|
| 337 |
|
|
|a unmediated
|b n
|2 rdamedia
|
| 338 |
|
|
|a volume
|b nc
|2 rdacarrier
|
| 650 |
|
0 |
|a English language
|v Textbooks for foreign speakers.
|
| 650 |
|
0 |
|a English language
|x Errors of usage.
|
| 650 |
|
0 |
|a English language
|v Conversation and phrase books.
|
| 650 |
|
0 |
|a English language
|v Terms and phrases.
|
| 650 |
|
0 |
|a English language
|x Idioms.
|
| 999 |
|
|
|a MARS
|
| 999 |
f |
f |
|s 79f78a5a-dc84-3d21-ac22-f479b39032a1
|i 91966cb0-251f-3910-9e86-e6964d0f448a
|t 0
|
| 952 |
f |
f |
|p ric
|a Texas A&M University
|b Rellis Campus
|c Joint Library Facility
|s JLF
|d Remote Storage
|t 0
|e PE1128 .M327
|h Library of Congress classification
|i unmediated -- volume
|m A14806020259
|
| 998 |
f |
f |
|a PE1128 .M327
|t 0
|l Remote Storage
|